00484 2200181 4500001002100000005001500021035002000036245005000056100001800106300001200124260003600136082000800172084001400180008004100194856004500235990001100280990001100291INLIS00000000000185220250509082853 a0010-05250001441 aTuan Ingin Banyak Kawan? /cDr. Dale Carnegie0 aDale Carnegie a254 hlm aJakarta :bBalai Pustaka,c1988 a020 a020 DAL t250509 1 ind  aRuang Baca Umum No Klas 800 ( Rak 3,4,5) a007922 a007920